Cracking the GED test /

Provides a comprehensive review of test topics, full-length practice exams, detailed explanations for every question, and test-taking tips and strategies.

Bibliographic Details
Corporate Author: Princeton Review (Firm) (Editor)
Format: Book
Language:English
Published: New York, NY : Penguin Random House, [2017]
Edition:2018 edition.
Subjects:

MARC

Tag First Indicator Second Indicator Subfields
LEADER 00000cam a2200000Ii 4500
001 in00003958521
005 20180417112924.0
008 170522t20172017nyua 000 0 eng d
035 |a (OCoLC)ocn987619070 
040 |a PNX  |b eng  |e rda  |c PNX  |d OCLCO  |d OCLCQ  |d OCLCF  |d UOK  |d TXGPL  |d ANK  |d OCLCO  |d YDX  |d BTCTA  |d BDX  |d CKE  |d NYP  |d OCLCQ  |d TXLBH 
019 |a 961006222  |a 961155905 
020 |a 9780451487711  |q (paperback) 
020 |a 0451487710  |q (paperback) 
024 8 |a 99975777165 
035 |a (OCoLC)987619070 
050 1 4 |a LB3060.33.G45  |b C73 2017 
082 0 4 |a 373.126/2  |2 23 
082 0 4 |a 371.26/2  |2 23 
049 |a TXAM 
245 0 0 |a Cracking the GED test /  |c the staff of the Princeton Review. 
246 1 |i At head of title:  |a Princeton Review 
246 3 |a Princeton Review cracking the GED test 
246 3 0 |a GED test 
250 |a 2018 edition. 
264 1 |a New York, NY :  |b Penguin Random House,  |c [2017] 
264 4 |c ©2017 
300 |a vi, 809, 3, 3 pages :  |b illustrations ;  |c 28 cm 
336 |a text  |b txt  |2 rdacontent 
337 |a unmediated  |b n  |2 rdamedia 
338 |a volume  |b nc  |2 rdacarrier 
520 |a Provides a comprehensive review of test topics, full-length practice exams, detailed explanations for every question, and test-taking tips and strategies. 
650 0 |a GED tests  |v Study guides. 
650 0 |a High school equivalency examinations  |v Study guides. 
650 7 |a GED tests.  |2 fast  |0 (OCoLC)fst01798211 
650 7 |a High school equivalency examinations.  |2 fast  |0 (OCoLC)fst00956100 
650 4 |a GED tests. 
650 4 |a High school equivalency examinations. 
655 7 |a Study guides.  |2 fast  |0 (OCoLC)fst01423888 
655 7 |a Study guides.  |2 lcgft 
655 4 |a Study guides. 
710 2 |a Princeton Review (Firm),  |e editor. 
945 |b 518777 
947 |a A14850534539 
994 |a 92  |b TXA 
948 |a Cataloged  |b h  |c 2018/4/17  |d c  |e LEverett  |f 11:29:20 AM 
999 f f |s 2cf281a7-afd3-3b44-ab8e-5e5ffab3e009  |i 2e42d612-656f-3dea-be6b-ddee03e071f0  |t 0 
952 f f |p normal  |a Texas A&M University  |b College Station  |c Sterling C. Evans Library  |d Evans: Library Stacks  |t 0  |e LB3060.33.G45 C73 2017  |h Library of Congress classification  |i unmediated -- volume  |m A14850534539 
998 f f |a LB3060.33.G45 C73 2017  |t 0  |l Evans: Library Stacks